000 00914nam a22002657a 4500
001 22
003 FISKH
005 20230227135200.0
008 230112b |||||||| |||| 00| 0 eng d
020 _a9788972606178
040 _aFISKH
_beng
_cFISKH
050 _aPZ7
082 _a428.6
100 _aAinsworth, Alison
110 _aLadybird
245 _aTown mouse and country mouse /
_bRead it yourself
260 _aLondon
_bLadbybird
_c1993
300 _a40 p.
_c18 cm.
500 _aDesigned for children learning to read, this book retells Town Mouse and Country Mouse in natural language with repeated phrases to help children develop the confidence to read alone. Level Two is suitable for children who are familiar with simple words and can read short sentences with help.
505 _aF
521 _a390
_bFISKH
521 _a F
_bRaz-Paz
700 _aDyke, John
_eillustrator
942 _2ddc
_cBK
_n0
999 _c22
_d22